LEADER 00844nam0-2200277 --450 001 9910869100903321 005 20240710135951.0 010 $a88-203-1822-9 100 $a20240710d1990----kmuy0itay5050 ba 101 0 $aita 102 $aIT 105 $a 001yy 200 1 $aCodice civile$eCostituzione della Repubblica italiana, appendice di leggi usuali, indici sommario, cronologico e analitico alfabetico 205 $aEd. aggiornata al 28-2-1990 210 $aMilano$cU. Hoepli$dİ1990 215 $aXLIV, 1075, 69 p.$d17 cm 225 1 $aCodici e leggi d'Italia 610 0 $aItalia$aCodice civile 676 $a345.45$v21$zita 801 0$aIT$bUNINA$gREICAT$2UNIMARC 901 $aBK 912 $a9910869100903321 952 $aA MIC 2715$b9664/2024$fFAGBC 959 $aFAGBC 996 $aCodice civile$957566 997 $aUNINA